Learning Resource and Development

Caring for the vulnerable : (Record no. 29414)

MARC details
000 -LEADER
fixed length control field 06448cam a2200421 i 4500
001 - CONTROL NUMBER
control field 20627119
003 - CONTROL NUMBER IDENTIFIER
control field CSPC
005 - DATE AND TIME OF LATEST TRANSACTION
control field 20250414155754.0
008 - FIXED-LENGTH DATA ELEMENTS--GENERAL INFORMATION
fixed length control field 180811s2020 maua b 001 0 eng
010 ## - LIBRARY OF CONGRESS CONTROL NUMBER
LC control number 2018036792
020 ## - INTERNATIONAL STANDARD BOOK NUMBER
International Standard Book Number 9781284146813
040 ## - CATALOGING SOURCE
Original cataloging agency DLC
Language of cataloging eng
Transcribing agency DLC
Description conventions rda
Modifying agency DLC
-- CSPC
042 ## - AUTHENTICATION CODE
Authentication code pcc
050 00 - LIBRARY OF CONGRESS CALL NUMBER
Classification number RT86.5
Item number .C376 2020
082 00 - DEWEY DECIMAL CLASSIFICATION NUMBER
Classification number 610.73
Item number D356c
Edition number 23
100 1# - MAIN ENTRY--PERSONAL NAME
Personal name De Chesnay, Mary,
Relator term author.
245 10 - TITLE STATEMENT
Title Caring for the vulnerable :
Remainder of title perspectives in nursing theory, practice, and research /
Statement of responsibility, etc. Mary de Chesnay and Barbara A. Anderson.
250 ## - EDITION STATEMENT
Edition statement Fifth edition.
264 #1 - PRODUCTION, PUBLICATION, DISTRIBUTION, MANUFACTURE, AND COPYRIGHT NOTICE
Place of production, publication, distribution, manufacture Burlington, Massachusetts :
Name of producer, publisher, distributor, manufacturer Jones & Bartlett Learning,
Date of production, publication, distribution, manufacture, or copyright notice 2020.
300 ## - PHYSICAL DESCRIPTION
Extent xiv, 467 pages :
Other physical details illustrations ;
Dimensions 23 cm.
336 ## - CONTENT TYPE
Content type term text
Content type code txt
Source rdacontent
337 ## - MEDIA TYPE
Media type term unmediated
Media type code n
Source rdamedia
338 ## - CARRIER TYPE
Carrier type term volume
Carrier type code nc
Source rdacarrier
504 ## - BIBLIOGRAPHY, ETC. NOTE
Bibliography, etc. note Includes bibliographical references and index.
505 0# - FORMATTED CONTENTS NOTE
Formatted contents note Vulnerable populations : vulnerable people -- Advocacy role of providers -- Intersection of racial disparities and privilege -- Social justice in nursing : a review of the literature -- Health literacy : through the lens of one provider -- Bullying -- Applying middle-range concepts and theories to the care of vulnerable populations -- Resilience in health care and relevance to successful rehabilitation among registered nurses with substance use disorders -- Afghan women refugees : application of intersectionality feminist theory -- A holistic approach to women's employment -- The boys on the porch : life among previously homeless men -- Validation of fluid intake tracking system designed for heart failure patients -- A systematic review of cardiomyopathy and peripartum mortality in the United States -- Life beyond movement : a life history of a male quadriplegic -- Overcoming breastfeeding challenges : a case study -- Adult family relationships after childhood maltreatment and parental substance use or mental disorder : pursuing an ethics of care -- HIV prevention education -- Obstetric fistula : the cost to child brides -- Caring for the transgender community -- Developing population-based programs for the vulnerable -- The hepatitis C epidemic : outreach and intervention for boomers -- Trauma-informed primary care : promoting change among patients with early life adversity -- Opioid abuse and diversion prevention in rural eastern Kentucky -- Culturally contextualized community outreach program to promote breastfeeding among African American women -- Strangulation related to intimate partner violence : caring for vulnerable women in the emergency department -- The effects of gun trauma on rural Montana healthcare providers -- Teaching nurses about vulnerable populations -- Caring for vulnerable populations : outcomes with the DNP-prepared nurse -- Vulnerability and resilience : teaching students in low-resource and culturally unfamiliar settings -- Heath care in Mexico -- Honors capstone : preparing grant content for The Hope Box -- Public policy and vulnerable populations -- Facing the nursing workforce shortage : policies and initiatives to promote a resilient healthcare system -- The implementation of the strong start for mothers and newborns initiative in freestanding birth centers -- Protecting vulnerable populations from mosquito-borne diseases : the cases of yellow fever and zika -- The link between animal abuse and interpersonal violence -- Long after Allende and Pinochet : uncovering vulnerability in political history-method and agency -- Aging in place policy.
520 ## - SUMMARY, ETC.
Summary, etc. " Caring for the Vulnerable focuses on vulnerable populations and how nurses can care for them, develop programs for them, conduct research, and influence health policy. Units I and II focus on concepts and theories; Unit III on research; Units IV, V, and VI on practice-oriented measures, including teaching nursing students to work with vulnerable patients and clients; and Unit VII on policy. The text provides a broad overview of material critical to working with these populations, comprehensive treatment of issues related to vulnerable populations, outstanding contributors who are experts in what they write, and a global focus. This text is generally used as a supplement in a wide variety of courses - from health promotion to population health, to global health. New to the Fifth Edition: 31 new chapters focusing on new and emerging research on vulnerable populations New chapters on different clinical topics "--
Assigning source Provided by publisher.
520 ## - SUMMARY, ETC.
Summary, etc. "Caring for the Vulnerable focuses on vulnerable populations and how nurses can care for them, develop programs for them, conduct research, and influence health policy. Units I and II focus on concepts and theories; Unit III on research; Units IV, V, and VI on practice-oriented measures, including teaching nursing students to work with vulnerable patients and clients; and Unit VII on policy. It provides a broad overview of material critical to working with these populations, comprehensive treatment of issues related to vulnerable populations, outstanding contributors who are experts in what they write, and a global focus. Continuing the effort undertaken in the Fourth Edition, the authors will continue to focus more on DNP authors and assess each chapter for relevance to DNP-prepared nurses in the Fifth Edition. While most of the adoptions for this title are at the graduate level, we do have a fair amount of business in higher-level undergrad courses as well. For this reason, the authors plan to balance their focus on the DNP audience with an effort to maintain the universality of the text. This text is generally used as a supplement in a wide variety of courses - from health promotion to population health, to global health"--
Assigning source Provided by publisher.
650 #0 - SUBJECT ADDED ENTRY--TOPICAL TERM
Topical term or geographic name entry element Nursing
General subdivision Social aspects.
650 #0 - SUBJECT ADDED ENTRY--TOPICAL TERM
Topical term or geographic name entry element Transcultural nursing.
650 #0 - SUBJECT ADDED ENTRY--TOPICAL TERM
Topical term or geographic name entry element Nursing
Form subdivision Cross-cultural studies.
650 #0 - SUBJECT ADDED ENTRY--TOPICAL TERM
Topical term or geographic name entry element Nursing
General subdivision Philosophy.
650 #7 - SUBJECT ADDED ENTRY--TOPICAL TERM
Topical term or geographic name entry element MEDICAL / Nursing / Home & Community Care.
Source of heading or term bisacsh
700 1# - ADDED ENTRY--PERSONAL NAME
Personal name Anderson, Barbara A.,
Dates associated with a name 1948-
Relator term author.
906 ## - LOCAL DATA ELEMENT F, LDF (RLIN)
a 7
b cbc
c orignew
d 1
e ecip
f 20
g y-gencatlg
942 ## - ADDED ENTRY ELEMENTS (KOHA)
Source of classification or shelving scheme Dewey Decimal Classification
Suppress in OPAC No
Koha item type Books
Classification part 610.73
Item part D356c
Call number prefix NUR
Call number suffix 2020
Edition 23
Holdings
Withdrawn status Lost status Source of classification or shelving scheme Damaged status Not for loan Home library Current library Shelving location Date acquired Total Checkouts Full call number Barcode Date last seen Copy number Price effective from Koha item type
    Dewey Decimal Classification     Main Library Main Library Nursing Section 04/14/2025   NUR 610.73 D356c 2020 029477 04/14/2025 1-1 04/14/2025 Books